000 00528nam a2200169 i 4500
001 59102
003 ES-MaACL
005 20230906163950.0
007 t|
008 031027s1973 sp ||||1| spa d
245 0 3 _aEl empresario ante la exportación.
260 _aGranada :
_bConsejo Económico Social, Sindical Provincial,
_c1973.
300 _a87 p. ;
_c24 cm.
651 4 _aEspaña-
_xComercio exterior.
_98178
710 2 _aConsejo Económico Sindical Provincial (Granada)
_9164557
852 _aES-MaACL
_jC-53819
_bR.86854
999 _c59102
_d59102